000 00990nam a2200205Ia 4500
008 0000001985 it a 0000000000ita00
090 _aPSP00 C61c
100 1 _aCobo, Chema
_d1952
245 1 0 _aChema Cobo
_c/ recent paintings and prints = pittura e grafica recente
_c/ fotografías M. Rojas, Tom Van Eynde ; traduzioni Pay Duffy, Carolina Vincelli, Josephine Bregazzi
300 _a39 p.
_c/ 28 cm.
500 _aExposición realizada en Galería Il Ponte, Roma, Abril 18 Mayo 18, 1985 \ Texto bilingue : italiano e inglés \ Con el patronazgo del maestro venezolano Jesús Rafael Soto (q.e.p.d.)
600 0 0 _aCOBO, CHEMA, 1952 /
_xTRABAJOS PICTORICOS
650 1 4 _aARTE CONTEMPORANEO ESPAÑOL
650 1 4 _xCATALOGOS
650 1 4 _xEXPOSICIONES
650 1 4 _aGRABADOS ESPAÑOLES
650 1 4 _aPINTURA ESPAÑOLA
700 1 _aRojas, M. \ Van Eynde, Tom \ Duffy, Pay, tr. \ Vincelli, Carolina, tr. \ Bregazzi, Josephine, tr.
999 _c2513
_d2513
260 _aRoma : Il Ponte
_c1985